000 01256nam a2200361 i 4500
001 000042391
003 DO-SdBNP
005 20260413131632.0
007 ta
008 090331s1992 dr 001 0 spa d
040 _aDO-SdBNP
_bspa
_cBNPHU
_erda
041 _aspa
050 _aspa
082 4 _a972.9304
_bL965n 1992
_222
100 1 _aLuperón, Gregorio,
_d1839-1897
_eautor
_9888
_4aut.
245 1 0 _aNotas autobiográficas y apuntes históricos /
_cGregorio Luperón.
250 _aSegunda edición
264 _aSanto Domingo :
_bCentral de Libros,
_c1992
300 _avolumen ;
_c22 cm.
336 _ardacontent
_btexto
_2txt
337 _ardamedia
_bsin mediación
_2n
338 _ardacarrier
_bvolumen
_2nc
500 _aIncluye índice
500 _aLa biblioteca posee el v. 2
500 _aCraada por el gobierno dominicano con motivo del primer centenario del natalicio del procer (1839-1939)
590 _aInventariado, 2026/DG
600 1 0 _aLuperón, Gregorio,
_d1839-1897
_9888
651 4 _aRepública Dominicana
_xHistoria
_y1844-1861
_9931
651 4 _aRepública Dominicana
_xHistoria
_xAnexión España 1861-1865
_92029
651 4 _aRepública Dominicana
_xHistoria
_y1865-1915
_92030
910 _aDG
942 _2ddc
_cLBS1
999 _c41880
_d41880